000 00629nam a2200217 a 4500
999 _c3597
_d3597
001 3597
003 BD-JhCC
005 20171115125520.0
008 171115s1986 bg |||| |||| 000 0 ben d
035 _a(BD-JhCC) 3597
040 _aBD-JhCC
_dBD-JhCC
041 _aben
082 _a891.442
_bRAS 1986
100 _aরশীদ, মামুনুর
245 _aঅববাহিকা /
_cমামুনুর রশীদ
260 _aঢাকা :
_bমুক্তধারা,
_c১৯৮৬.
300 _a৬৪ পৃ. :
_c২১ সেমি.
650 _aBengali Drama
942 _2ddc
_cBK